| 000 | 00935nas a2200313 4500 | ||
|---|---|---|---|
| 001 | BR0501126 | ||
| 003 | BR-BrBNA | ||
| 005 | 20231205105212.0 | ||
| 007 | ta | ||
| 008 | 230509b bl.|||p| |||| 00| 00por d | ||
| 040 |
_aBR-BrBNA _bpor _cBiblioteca Nacional de Agricultura |
||
| 041 | _a(Pt) | ||
| 072 | _aF60; F50 | ||
| 100 | 1 | _aSilva, E.B. | |
| 100 | 1 | _aCândido, L.M.B. | |
| 100 | 1 | _aSabino, J. | |
| 100 | 1 | _aFreitas, R.J.S. | |
| 100 | 1 | _aStertz, S.C. | |
| 245 | 1 | _aComposição química da raiz e das folhas desidratadas do yacon (Polymnia sonchifolia Poepp.) | |
| 650 | _aPLANTA MEDICINAL | ||
| 650 | _aCOMPOSIÇÃO QUÍMICA | ||
| 650 | _aRAÍZ | ||
| 650 | _aFOLHA | ||
| 650 | _aDESIDRATAÇÃO | ||
| 650 | _aPARANÁ | ||
| 773 | 0 |
_tRevista Brasileira de Plantas Medicinais (Brazil) _xISSN 1516-0572 _g(Jun 2004), v. 6(3) p. 48-52 _wBR0501126 |
|
| 909 |
_a202311 _bLúcia _c55 _dLúcia Elande |
||
| 942 |
_2AGRIS _n0 _cANA |
||
| 999 |
_c181742 _d181742 |
||